000 00644nam a2200241Ia 4500
003 OSt
005 20220918182442.0
006 a|||||r|||| 00| 0
007 ta
008 220917b |||||||| |||| 00| 0 eng d
024 _a32,549
037 _cTextual
040 _aARTS
_cARTS
_beng
041 _2eng
_aeng
082 _aO-,3N27,8, M4
100 _aJhabvala Ruth Prawer
_913091
245 0 _aIn search of love and beauty
260 _aEngland
_bPenguin Books
_c1984
300 _a188p.
_ccm.
650 _aENGLISH LITERATURE
942 _hO-,3N27,8, M4
_cTEXL
_2CC
999 _c169009
_d169009